| 000 | 00645cam a2200145 4500500 | ||
|---|---|---|---|
| 005 | 20260208010153.0 | ||
| 041 | _afre | ||
| 042 | _adc | ||
| 100 | 1 | 0 |
_aVigier, Luc _eauthor |
| 245 | 0 | 0 | _aLOUIS ARAGON, Œuvres romanesques complètes, t. V, sous la direction de DANIEL BOUGNOUX . Paris, Gallimard, coll . « Bibliothèque de la Pléiade », 2012 . Un vol . de 1616 p . |
| 260 | _c2014. | ||
| 500 | _a57 | ||
| 786 | 0 | _nRevue d'histoire littéraire de la France | 114 | 3 | 2014-07-22 | p. 729m-754m | 0035-2411 | |
| 856 | 4 | 1 | _uhttps://shs.cairn.info/revue-d-histoire-litteraire-de-la-france-2014-3-page-729m?lang=fr&redirect-ssocas=7080 |
| 999 |
_c1655414 _d1655414 |
||